Lender fun der velt - לענדער פון דער וועלט - Statistics

General Stats
  • This quiz has been taken 85 times
  • The average score is 39 of 196
Answers on the Map
Answers color-coded by a green-red scale on the quiz's map according to % correct below.
 
Answer Stats
Country % Correct
יִשְׂרָאֵל | אֶרֵץ יִשְׂראֻל | ישראל
61%
בראַזיל
43%
איראַן | פּערסיע
41%
דעמאָקראַטישע רעפּובליק פֿון קאָנגאָ
39%
רעפּובליק פֿון קאָנגאָ
39%
אָמאַן
35%
רוסלאַנד
35%
אוקרײַנע | אוקראַיִנע | אוקריינאַ
35%
בענין
33%
פֿינלאַנד
33%
פּאָרטוגאַל
33%
טאָגאָ
33%
תֵּימָן | תּימן | יעמען
33%
איסלאַנד
31%
איראַק | אַשּׁוּר | בָּבֶֿל
31%
אירלאַנד
31%
לאַאָס
31%
דרום סודאַן
31%
סודאַן
31%
וויעטנאַם
31%
בהוטאַן
30%
האַיִטי
30%
מאַלי
30%
אוזבעקיסטאַן | בּוּכָרָה
30%
באַנגלאַדעש
28%
קאַנאַדע
28%
דײַטשלאַנד | אַשׁכֵּנַז
28%
אינדיִע
28%
איטאַליע
28%
מאַדאַגאַסקאַר
28%
נעפּאַל
28%
פּאַנאַמאַ
28%
פּערו
28%
קאַטאַר
28%
טורקמעניסטאַן | בּוּכָרָה
28%
אַנגאָלאַ
26%
אַרגענטינע
26%
בעליז
26%
בולגאַריע
26%
מיאַנמאַר
26%
בורונדי
26%
פֿידזשי
26%
גאַבאָן
26%
די גאַמביע
26%
קירגיזסטאַן
26%
ליביע
26%
נאַמיביע
26%
סאַאָ טאָמע און פּרינסיפּע | הייליק טאָמאַס און פּרינצן-אינזל | קדוש תאומא און פּרינצן-אינזל
26%
סענעגאַל
26%
סורינאַם
26%
אוגאַנדע
26%
אַפגאַניסטאַן
26%
סאַן מאַרינאָ | הייליק מאַרינאָ | קדוש מאַרינאָ
26%
באַהאַמאַס
24%
ווייסרוסלאנד | בעלאַרוס
24%
בעלגיע
24%
באָליוויע
24%
קובאַ
24%
דענמאַרק
24%
עטיאָפּיע
24%
האָנדוראַס
24%
לֵבַֿנוֹן | לעװאָנען | פיניקים
24%
מאַלטאַ
24%
ניקאַראַגואַ
24%
פּאַקיסטאַן
24%
פּאַלאַו
24%
סערביע
24%
סלאָװעניע
24%
סאָמאַליע
24%
טאָנגאַ
24%
טואוואַלו
24%
וואַנואַטו
24%
זאַמביע
24%
אַרמעניע
22%
באָסניע און הערצעגאָווינע
22%
עקװאַדאָר
22%
על סאַלוואַדאָר
22%
עריטרעאַ
22%
גהאַנע
22%
קיריבאַטי
22%
קאָסאָוואָ
22%
לעטלאַנד
22%
מאזאמביק
22%
נאורו | נוירו
22%
ניגעריע
22%
רוואַנדע | רואַנדע
22%
סאַמאָאַ
22%
פֿאַראײניגטע שטאַטן פֿון אַמעריקע
22%
אַלבאַניע
20%
באָצוואַנע
20%
קאַמערון
20%
קאָלאָמביע
20%
קאָסטאַ ריקאַ
20%
קראָאַטיע
20%
עסטלאַנד
20%
גוואַטעמאַלע
20%
יאַפּאַן
20%
יאָרדאַניע | יַרְדֵן | נַבַּטִים | מוֹאָב
20%
קאַזאַכסטאַן
20%
קעניע
20%
ליבעריע
20%
צפֿון־מאַקעדאָניע
20%
מאַלאַווי
20%
מעקסיקע
20%
מאָלדאװע
20%
מאַראָקאָ
20%
סיריע | אַשּׁוּר | אֲרָם
20%
טאַדזשיקיסטאַן
20%
טאַנזאַניע
20%
װענעזועלע
20%
זימבאַבװע
20%
באַרבאַדאָס
19%
טשאַד
19%
טשילע
19%
דאָמיניקאַ
19%
גינע
19%
גינע-ביסאַו
19%
אונגאַרן
19%
אינדאָנעזיע
19%
לעסאָטאָ
19%
מאָנאַקאָ
19%
פּאַראַגװײַ
19%
סרי לאַנקאַ
19%
טייוואַן | רעפּובליק פֿון כינע | פֿאָרמאָזע
19%
טרינידאַד און טאָבאַגאָ
19%
אורוגװײַ
19%
וואַטיקאַן
19%
בורקינע פֿאַסא
17%
קאַמבאָדיע
17%
דזשיבוטי
17%
מיקראָנעזיע
17%
לוקסעמבורג
17%
מאָנטענעגראָ
17%
סינגאַפּור
17%
טײַלאַנד
17%
אַנדאָרע
15%
מזרח טימאָר
15%
פֿראַנקרײַך
15%
גרוזיע
15%
ניזשער
15%
סאַודי אַראַביע
15%
שפּאַניע | סְפַרַד
15%
טוניסיע | קַרְתָּגוֹ
15%
אַזערבײַדזשאַן
13%
קאַפווערדישע אינזלען
13%
כינע
13%
קאָמאָראָס
13%
טשעכײַ
13%
גרענאַדע
13%
קואווייט
13%
רומעניע
13%
סוואַזילאַנד
13%
אַנטיגוע און באַרבודע
11%
אויסטראַליע
11%
ברוניי
11%
ליטע
11%
מאָריטאַניע
11%
די רעפּובליק פֿון די פֿיליפּינען
11%
סלאָװאַקײַ
11%
סאָלאָמאָן אינזלען | סאָלאָמאָן אינדזלען
11%
אַלזשיר
9%
דזשאַמייקע
9%
מאַלייזיע
9%
מאַלדיוון
9%
האָלאַנד | נידערלאַנדן
9%
פּוילן
9%
סיישעל
9%
דרום אַפֿריקע
9%
שװײץ | שװײצער קאָנפֿעדעראַציע
9%
עסטרײַך
7%
עגיפּטן | מִצְרַים
7%
גריכנלאַנד | יָווֹן | העלענישע רעפּובליק
7%
גייאַנע
7%
ליכטנשטיין
7%
מאָנגאָלײַ
7%
נאָרוועגיע
7%
סיערע לעאָנע
7%
דרום קאָרעע
7%
שװעדן
7%
טערקײַ | אַנאַטאָליע | קליין־אַזיע | הַחִתִּים
7%
באַכריין
6%
דאָמיניקאַנישע רעפּובליק
6%
ניו זילאַנד
6%
צפון קאָרעע
6%
דאָס פאַראייניגטע קעניגרײַך פון גרױסבריטאַניע און צפון אירלאַנד
6%
מאריציוס
4%
פאַפואַ ניי גינע
4%
סאַנט קיטס און נעוויס | סאַנט קיץ און נעוויס | הייליק קיטס און נעוויס | קדוש קיטס און נעוויס
4%
סאַנט לושע | הייליק לושע | קדוש לושע
4%
פאַראייניגטע אַראַבישע עמיראַטן
4%
סאַנט ווינסענט און די גרענאַדינען | הייליק ווינסענט און די גרענאַדינען | קדוש ווינסענט און די גרענאַדינען
4%
צענטראַל-אַפֿריקאַנישע רעפּובליק
2%
בארטן פון העלפאַנדביין
2%
ציפּערן
2%
עקוואַטארישע גינע
2%
מאַרשאַל אינזלען
2%
No matching quizzes found
Score Distribution
Percent of People with Each Score
Percentile by Number Answered
Your Score History
You have not taken this quiz